| 000 | 00492nam a2200181Ia 4500 | ||
|---|---|---|---|
| 005 | 20250508151044.0 | ||
| 008 | 008 250505s9999 xx 000 0 eng d | ||
| 037 | _aTextual | ||
| 040 |
_aFEDL _beng _cFEDL |
||
| 041 |
_aeng _2eng |
||
| 084 |
_a909, CAL _qFEDL |
||
| 100 |
_aCaldwell W E _9758317 |
||
| 245 | 0 | _aNew popular history of the world | |
| 260 |
_aNew York, USA _bGreystone Press _c1950 |
||
| 300 | _a868p. | ||
| 942 |
_cTEXL _h909, CAL |
||
| 999 |
_c1327304 _d1327304 |
||